| 000 | 00716nam a2200217Ia 4500 | ||
|---|---|---|---|
| 008 | 191130s2008##################000#0#eng## | ||
| 020 | _a9780521161541 | ||
| 022 | _a2007018212 | ||
| 040 |
_aACL _cACL |
||
| 082 | _a153 SFA | ||
| 100 | _aSfard, Anna | ||
| 245 |
_aThinking as communicating : human development, the growth of discourses, and mathematizing _cAnna Sfard |
||
| 260 |
_aCambridge _bCambridge University Press _c2008 |
||
| 300 | _axxiii, 324 p. : ill. ; 24 cm | ||
| 500 | _aIncludes bibliographical references (p. 303-317) and indexes | ||
| 650 | _aMathematics - Language | ||
| 650 | _aThought and thinking | ||
| 990 | _a962a89e4ac10000c4781f47b8a1f917f | ||
| 991 | _a207743 | ||
| 999 |
_c298329 _d298329 |
||